| 000 | 00811cam a2200145 4500500 | ||
|---|---|---|---|
| 005 | 20260208005958.0 | ||
| 041 | _afre | ||
| 042 | _adc | ||
| 100 | 1 | 0 |
_aMazouer, Charles _eauthor |
| 245 | 0 | 0 | _aJEAN MAIRET, Théâtre complet. Édition critique sous la direction de GEORGES FORESTIER. T. II : Chryséide et Arimand, La Sylvie, La Silvanire ou La Morte-vive. Textes établis et commentés par PERRY GETHNER, JEAN-PIERRE VAN ELSLANDE, FRANÇOISE LAVOCAT. Paris, Honoré Champion, 2008 (Sources classiques, 91). Un vol. 22,5 × 15 de 629 p. |
| 260 | _c2010. | ||
| 500 | _a3 | ||
| 786 | 0 | _nRevue d'histoire littéraire de la France | 109 | 4 | 2010-01-06 | p. 937e-944e | 0035-2411 | |
| 856 | 4 | 1 | _uhttps://shs.cairn.info/revue-d-histoire-litteraire-de-la-france-2009-4-page-937e?lang=fr&redirect-ssocas=7080 |
| 999 |
_c1654663 _d1654663 |
||